Missing Word: Films Set in the Courtroom Quiz Stats

 Plays Quiz Updated May 9, 2019

Score 0/24 Timer 05:00
3 Plays Today
Title Missing Word % Correct
Miracle on 34th ____Street
99.5%
To Kill a ____Mockingbird
97.9%
A Few ____ MenGood
97.3%
____ vs. KramerKramer
97.1%
____ BrockovichErin
95.8%
12 ____ MenAngry
95.7%
The Pelican ____Brief
93%
My Cousin ____Vinny
90.3%
Presumed ____Innocent
88.1%
A ____ for All SeasonsMan
77.9%
The Devil's ____Advocate
71.2%
A Cry in the ____Dark
69.6%
Title Missing Word % Correct
Primal ____Fear
69.2%
Runaway ____Jury
68.7%
____ ClaytonMichael
64.3%
The ____ LawyerLincoln
60.1%
Regarding ____Henry
57.6%
____ Me GuiltyFind
56%
____ at NurembergJudgment
53.8%
Paths of ____Glory
52.2%
A Soldier's ____Story
39.8%
Murder in the ____First
35.7%
____ of MississippiGhosts
31.1%
Brokedown ____Palace
21.2%

Today's Daily Dose

Word Ladder
Lean on Me

Get the Picture
Superhero by Villain

You're not logged in!

Compare scores with friends on all Sporcle quizzes.
OR
Log In

Sporcle TV

Today on Sporcle TV


Watch our educational content, quiz creation guides, and fun videos on Sporcle TV.

Show Comments

Extras

Top Quizzes Today


Score Distribution

Your Account Isn't Verified!

In order to create a playlist on Sporcle, you need to verify the email address you used during registration. Go to your Sporcle Settings to finish the process.

Report this User

Report this user for behavior that violates our Community Guidelines.

Details: